| 000 | 00615nam a22001817a 4500 | ||
|---|---|---|---|
| 999 |
_c190811 _d190811 |
||
| 005 | 20220805120716.0 | ||
| 010 | _aENG-134301 | ||
| 020 |
_a978-2-85539-221-9 _c1500.00.00 |
||
| 035 | _aEN-117833 | ||
| 037 | _bDBAD/PUB | ||
| 082 | _a294.509548 | ||
| 245 |
_aThe Archaeology of Bhakti II: Royal Bhakti, Local Bhakti/ _cedited by Emanuel Francis & Charlotte Schmid |
||
| 260 |
_aPondicherry _bPondicherry Centre of the EFEO focus _c2017 |
||
| 270 |
_bPondicherry _a 16 & 19, Dumas Street _e605001 |
||
| 300 |
_a609p. _c22cm(hb) |
||
| 700 | _aEmanuel Francis | ||
| 942 |
_2ddc _cEN _h294.509548 _mARC |
||